Score 0/20 Timer 03:00
1 Play Today
Title Missing Word % Correct
North by _____Northwest
96.1%
Once _____ a TimeUpon
96.1%
To _____ a ThiefCatch
95.3%
The _____ Is GreenerGrass
93.8%
_____ and Old LaceArsenic
89.1%
His Girl _____Friday
88.4%
Only _____ Have WingsAngels
86.1%
_____ Up BabyBringing
81.9%
Walk _____ RunDon't
81.8%
An _____ to RememberAffair
79%
Title Missing Word % Correct
Monkey _____Business
75.7%
The _____ of the TownTalk
72.9%
_____ DinGunga
69.6%
_____ GooseFather
53.9%
None But the _____ HeartLonely
52.9%
_____ PetticoatOperation
52.7%
The _____ StoryPhiladelphia
52.1%
That Touch of _____Mink
43.3%
_____ for One MoreRoom
40.7%
I Was a _____ War BrideMale
40.4%

Today's Daily Dose

Remove Ads.
Support Sporcle.
Get the best of Sporcle when you Go Orange. This ad-free experience offers more features, more stats, and more fun while also helping to support Sporcle. Thank you for becoming a member.

You're not logged in!

Compare scores with friends on all Sporcle quizzes.
OR
Log In

Show Comments

Extras

Top Quizzes Today


Score Distribution

Your Account Isn't Verified!

In order to create a playlist on Sporcle, you need to verify the email address you used during registration. Go to your Sporcle Settings to finish the process.

Report this User

Report this user for behavior that violates our Community Guidelines.

Details: